DXD@10 : (Record no. 12505)

000 -LEADER
fixed length control field 00442 a2200181 4500
003 - CONTROL NUMBER IDENTIFIER
control field OSt
005 - DATE AND TIME OF LATEST TRANSACTION
control field 20240130181349.0
008 - FIXED-LENGTH DATA ELEMENTS--GENERAL INFORMATION
fixed length control field 240130b ||||| |||| 00| 0 eng d
020 ## - INTERNATIONAL STANDARD BOOK NUMBER
International Standard Book Number 9789355789037
040 ## - CATALOGING SOURCE
Original cataloging agency BMSCA
041 ## - LANGUAGE CODE
Language code of text/sound track or separate title eng
082 ## - DEWEY DECIMAL CLASSIFICATION NUMBER
Classification number 720.954
Item number LFT
100 ## - MAIN ENTRY--PERSONAL NAME
Personal name Chishti, Iftikhar-mulk
245 ## - TITLE STATEMENT
Title DXD@10 :
Remainder of title whither design India
250 ## - EDITION STATEMENT
Edition statement 1 Ed.
260 ## - PUBLICATION, DISTRIBUTION, ETC. (IMPRINT)
Name of publisher, distributor, etc Iftikhar-mulk Chishti Design X Design
Date of publication, distribution, etc 2020
942 ## - ADDED ENTRY ELEMENTS (KOHA)
Source of classification or shelving scheme
Holdings
Withdrawn status Lost status Source of classification or shelving scheme Damaged status Koha normalized classification for sorting Not for loan Collection code Permanent location Current location Date acquired Source of acquisition Cost, normal purchase price Full call number Barcode Date last seen Cost, replacement price Price effective from Koha item type
        720_954000000000000 Not For Loan COA Books BMS College of Architecture, Design and Planning BMS College of Architecture, Design and Planning 2024-01-30 8 3360.00 720.954 AR-UG3710 2024-01-30 5600.00 2024-01-30 UG Books
Copyright © 2025, The Librarian, Library and Information Centre, BMSCA D&P, Bengaluru. All Rights Reserved
web counter

Powered by Koha